Propuesta de generación de energía eléctrica a partir de generadores a filo de agua en la región de Sarapiquí
Сохранить в:
| Главный автор: | |
|---|---|
| Другие авторы: | |
| Формат: | |
| Язык: | Spanish |
| Опубликовано: |
[San José], Costa Rica
2013
|
| Предметы: | |
| Метки: |
Добавить метку
Нет меток, Требуется 1-ая метка записи!
|
MARC
| LEADER | 00000nam a22000007a 4500 | ||
|---|---|---|---|
| 003 | 011929 | ||
| 005 | 20230817152341.0 | ||
| 008 | 150313b2013 cr ab||| |||| 00| 0 spa d | ||
| 040 | |c cru CEDI | ||
| 100 | |9 1124 |a Rodríguez Fallas, Cindy Verónica, 1990- | ||
| 245 | |a Propuesta de generación de energía eléctrica a partir de generadores a filo de agua en la región de Sarapiquí | ||
| 260 | |a [San José], Costa Rica |c 2013 | ||
| 300 | |a xiii, 89 hojas : ilustraciones, mapas | ||
| 500 | |a Proyecto de graduación (bachillerato en ingeniería eléctrica)--Universidad de Costa Rica. Facultad de Ingeniería. Escuela de Ingeniería Eléctrica | ||
| 501 | |a Profesor Guía de IE-0499 Proyecto Eléctrico: Lic. Tony Eduardo Delgado Carvajal | ||
| 650 | |x ENERGIA ELECTRICA |x DISTRIBUCION DE ENERGIA ELECTRICA |x SISTEMAS DE ENERGIA ELECTRICA |x ENERGIA HIDRAULICA |x TURBINAS HIDRAULICAS |x CENTRALES HIDROELECTRICAS |x GENERADORES HIDROELECTRICOS |9 436 | ||
| 700 | |9 723 |a Delgado Carvajal, Tony Eduardo, 1986- |d Director de Proyecto Eléctrico | ||
| 942 | |c CEDI |h TFG 7095 |6 TFG_7095_000000000000000 | ||
| 999 | |c 13690 |d 13690 | ||
